[Event "Kimry Rating op 38th"]
[Site "Kimry"]
[Date "2008.04.21"]
[Round "2"]
[White "Karklin, Viacheslav"]
[Black "Bik Mukhamedov, Mikhail"]
[Result "1-0"]
[WhiteElo "2168"]
[BlackElo "1861"]
[PlyCount "95"]
[EventDate "2008.04.20"]
[EventType "swiss"]
[EventRounds "7"]
[EventCountry "RUS"]
[SourceTitle "EXT 2022"]
[Source "ChessBase"]
[SourceDate "2021.10.06"]
[SourceVersion "1"]
[SourceVersionDate "2021.10.06"]
[SourceQuality "1"]

1. d4 d5 2. Nf3 c5 3. e3 e6 4. c4 Qb6 5. Nc3 Nf6 6. Be2 Nc6 7. 0-0 Be7 8. a3 0-0 9. dxc5 Qxc5 10. b4 Qd6 11. cxd5 Nxd5 12. Nxd5 Qxd5 13. Qxd5 exd5 14. Bb2 Be6 15. Rac1 Rac8 16. Bb5 a6 17. Bxc6 Rxc6 18. Rxc6 bxc6 19. Rc1 Rc8 20. Bd4 Bd7 21. Ne5 Be8 22. Kf1 f6 23. Nd3 Kf7 24. Bc5 Bxc5 25. Rxc5 Ra8 26. Ke2 Ke7 27. Ra5 Bd7 28. Nc5 Bc8 29. Kd3 Kd6 30. Kd4 Ra7 31. h3 g6 32. f3 h6 33. e4 h5 34. exd5 cxd5 35. b5 Ra8 36. Na4 Bb7 37. Nb6 Ra7 38. bxa6 Rxa6 39. Rxa6 Bxa6 40. Nxd5 Bf1 41. Ne3 Bb5 42. h4 Bd7 43. g3 g5 44. f4 gxf4 45. gxf4 f5 46. Nf1 Be8 47. Ng3 Bg6 48. a4 1-0

[Event "Dubna op"]
[Site "Dubna"]
[Date "2007.08.11"]
[Round "13"]
[White "Karklin, Viacheslav"]
[Black "Leonidov, Vladimir1111"]
[Result "0-1"]
[WhiteElo "2230"]
[BlackElo "2171"]
[PlyCount "116"]
[EventDate "2007.08.02"]
[EventType "swiss"]
[EventRounds "14"]
[EventCountry "RUS"]
[SourceTitle "EXT 2008"]
[Source "ChessBase"]
[SourceDate "2007.11.25"]
[SourceVersion "1"]
[SourceVersionDate "2007.11.25"]
[SourceQuality "1"]

1. d4 d5 2. Nf3 Nf6 3. c4 e6 4. g3 c6 5. Bg2 Bd6 6. Qc2 0-0 7. 0-0 Nbd7 8. Bf4 Bxf4 9. gxf4 Ne4 10. Nc3 Nxc3 11. Qxc3 b6 12. cxd5 cxd5 13. Qa3 a5 14. Rfc1 Ba6 15. e3 b5 16. Bf1 b4 17. Qb3 Bxf1 18. Kxf1 Qb6 19. Qd3 Rfc8 20. f5 Nf6 21. Ne5 Ne4 22. f3 Nf6 23. fxe6 Qxe6 24. Kg2 Nd7 25. Nxd7 Qxd7 26. Rc5 Rxc5 27. dxc5 Rc8 28. Rc1 Rc6 29. Kh1 g6 30. e4 d4 31. Rc4 Qh3 32. Kg1 Rf6 33. Rxd4 Rxf3 34. Rd8+ Kg7 35. Qd4+ Rf6 36. Rg8+ Kxg8 37. Qxf6 Qe3+ 38. Qf2 Qxe4 39. Qd2 Qg4+ 40. Kh1 Qe6 41. Qd4 Qc6+ 42. Kg1 Qc7 43. Kg2 h5 44. h4 Kf8 45. Kf3 Ke8 46. Qe4+ Kd7 47. Qd5+ Ke7 48. Qe4+ Kf6 49. c6 Qd6 50. Qc4 Qd1+ 51. Ke3 Qg1+ 52. Kd2 Qh2+ 53. Kc1 Qc7 54. Qe4 a4 55. Kd2 g5 56. hxg5+ Kxg5 57. Qd5+ Kf6 58. Qxh5 Ke6 0-1

[Event "Dmitrov op"]
[Site "Dmitrov"]
[Date "2007.07.26"]
[Round "6"]
[White "Karklin, Viacheslav"]
[Black "Kovtunenko, Alexandr"]
[Result "0-1"]
[WhiteElo "2230"]
[BlackElo "2293"]
[PlyCount "98"]
[EventDate "2007.07.22"]
[EventType "swiss"]
[EventRounds "12"]
[EventCountry "RUS"]
[SourceTitle "EXT 2022"]
[Source "ChessBase"]
[SourceDate "2021.10.06"]
[SourceVersion "1"]
[SourceVersionDate "2021.10.06"]
[SourceQuality "1"]

1. d4 Nf6 2. c4 g6 3. Nc3 Bg7 4. e4 0-0 5. Be3 d6 6. f3 Nc6 7. Nge2 a6 8. Qd2 e5 9. d5 Na5 10. Nc1 b6 11. b4 Nb7 12. Nb3 a5 13. a3 Nh5 14. Bd3 f5 15. 0-0 f4 16. Bf2 g5 17. Be2 Nf6 18. Na4 Bd7 19. Nb2 g4 20. Nd3 a4 21. Nbc1 c6 22. Na2 cxd5 23. cxd5 g3 24. hxg3 Nh5 25. g4 Ng3 26. Rfc1 Bxg4 27. Nc3 Qh4 28. Bxb6 Bh5 29. Nf2 Rf6 30. Ncd1 Rg6 31. Qd3 Kh8 32. Rc7 Nd8 33. Rac1 Bf6 34. Rc8 Rxc8 35. Rxc8 Rg8 36. Bc7 Be8 37. b5 Bd7 38. Ra8 Nxe2+ 39. Qxe2 Qg5 40. Ng4 Be7 41. b6 h5 42. Nh2 Bb5 43. Qf2 Qg7 44. Nc3 Bh4 45. Qd2 Be1 46. Qc2 Bd3 47. Qa2 Bxc3 48. Rxd8 Rxd8 49. Bxd8 Qg3 0-1

[Event "Dmitrov op"]
[Site "Dmitrov"]
[Date "2007.07.23"]
[Round "2"]
[White "Karklin, Viacheslav"]
[Black "Trapeznikova, Darya"]
[Result "1-0"]
[WhiteElo "2230"]
[BlackElo "1959"]
[PlyCount "67"]
[EventDate "2007.07.22"]
[EventType "swiss"]
[EventRounds "12"]
[EventCountry "RUS"]
[SourceTitle "EXT 2022"]
[Source "ChessBase"]
[SourceDate "2021.10.06"]
[SourceVersion "1"]
[SourceVersionDate "2021.10.06"]
[SourceQuality "1"]

1. d4 e6 2. c4 d5 3. Nf3 c6 4. Nc3 f5 5. Bf4 Nf6 6. e3 Be7 7. Be2 0-0 8. Ne5 Nbd7 9. Qb3 Ne4 10. Nxe4 fxe4 11. 0-0 Bf6 12. Ng4 Be7 13. f3 exf3 14. Bxf3 Nb6 15. Ne5 Bf6 16. c5 Nd7 17. Nd3 Bg5 18. Rae1 b6 19. Qa4 Bb7 20. Bg4 Re8 21. Bh5 g6 22. Bg4 Bf6 23. Bd6 Bg7 24. b4 a5 25. Rf2 axb4 26. Qxb4 Ba6 27. Nf4 e5 28. Ne6 Qh4 29. Nxg7 Qxg4 30. Nxe8 Rxe8 31. cxb6 Bb5 32. b7 Nb8 33. Bxb8 Rxb8 34. Qd6 1-0

[Event "Kimry-ch"]
[Site "Kimry"]
[Date "2007.01.07"]
[Round "8"]
[White "Makhnev, Vladimir"]
[Black "Karklin, Viacheslav"]
[Result "1-0"]
[WhiteElo "2310"]
[BlackElo "2218"]
[PlyCount "73"]
[EventDate "2007.01.02"]
[EventType "swiss"]
[EventRounds "9"]
[EventCountry "RUS"]
[SourceTitle "EXT 2010"]
[Source "ChessBase"]
[SourceDate "2010.11.25"]
[SourceVersion "1"]
[SourceVersionDate "2010.11.25"]
[SourceQuality "1"]

1. d4 Nf6 2. c4 e6 3. Nc3 d5 4. cxd5 exd5 5. Bg5 Be7 6. Qc2 c6 7. e3 0-0 8. Bd3 Nbd7 9. Nf3 Re8 10. 0-0 Nf8 11. Rae1 Be6 12. Ne5 N6d7 13. Bxe7 Qxe7 14. f4 f6 15. Nf3 Qd6 16. Kh1 Rac8 17. Qf2 Bf7 18. g4 c5 19. Rg1 cxd4 20. Nxd4 Nc5 21. Bb1 Ne4 22. Bxe4 dxe4 23. g5 Rc5 24. Rd1 Qe7 25. gxf6 Qxf6 26. Ndb5 Bh5 27. Rd6 Bf3+ 28. Qxf3 exf3 29. Rxf6 f2 30. Rxf8+ Kxf8 31. Rf1 Rxe3 32. Rxf2 a6 33. Nd4 b5 34. a3 Kf7 35. Kg2 Rd3 36. Nf3 Rd8 37. Ng5+ 1-0

[Event "Kimry-ch"]
[Site "Kimry"]
[Date "2007.01.03"]
[Round "4"]
[White "Shidlovski, Yuri"]
[Black "Karklin, Viacheslav"]
[Result "1-0"]
[WhiteElo "2082"]
[BlackElo "2218"]
[PlyCount "107"]
[EventDate "2007.01.02"]
[EventType "swiss"]
[EventRounds "9"]
[EventCountry "RUS"]
[SourceTitle "EXT 2010"]
[Source "ChessBase"]
[SourceDate "2010.11.25"]
[SourceVersion "1"]
[SourceVersionDate "2010.11.25"]
[SourceQuality "1"]

1. d4 Nf6 2. Nf3 c5 3. d5 d6 4. c4 g6 5. Nc3 Bg7 6. Bg5 h6 7. Bf4 Nh5 8. Bd2 0-0 9. e3 e5 10. dxe6 Bxe6 11. Be2 Nc6 12. Rc1 Nf6 13. e4 Re8 14. 0-0 Bg4 15. h3 Bxf3 16. Bxf3 Nd4 17. Bf4 a6 18. Qd3 Rb8 19. a4 Qb6 20. Rb1 Qc6 21. Rfd1 Nd7 22. Qe3 Kh7 23. Qd3 Ne5 24. Bxe5 Bxe5 25. Nd5 b5 26. axb5 axb5 27. b4 bxc4 28. Qxc4 Nxf3+ 29. gxf3 Qc8 30. f4 Bg7 31. bxc5 Rxb1 32. Rxb1 dxc5 33. Kg2 Qe6 34. f3 Bd4 35. e5 Kg7 36. Rc1 Rd8 37. Nc7 Qd7 38. Nb5 Qf5 39. Nxd4 cxd4 40. Re1 Qxf4 41. e6 Qd2+ 42. Re2 Qg5+ 43. Kf2 Qf6 44. Re4 d3 45. exf7 Qxf7 46. Qc3+ Kh7 47. Rd4 Rxd4 48. Qxd4 Qf5 49. Qa7+ Kg8 50. Qb8+ Kg7 51. Qc7+ Kf6 52. Qd6+ Kg5 53. Kg3 h5 54. Qd8+ 1-0

[Event "Kimry-ch"]
[Site "Kimry"]
[Date "2005.01.??"]
[Round "9"]
[White "Prizant, Jaroslav"]
[Black "Karklin, Viacheslav"]
[Result "1-0"]
[WhiteElo "2492"]
[BlackElo "2197"]
[PlyCount "61"]
[EventDate "2005.01.??"]
[EventType "swiss"]
[EventRounds "9"]
[EventCountry "RUS"]
[SourceTitle "EXT 2006"]
[Source "ChessBase"]
[SourceDate "2005.11.24"]
[SourceVersion "1"]
[SourceVersionDate "2005.11.24"]
[SourceQuality "1"]

1. d4 d5 2. c4 c6 3. Nf3 Nf6 4. Nc3 a6 5. e3 b5 6. b3 e6 7. Bd3 Nbd7 8. 0-0 Bb7 9. Qe2 Be7 10. Bb2 0-0 11. Ne5 Nxe5 12. dxe5 Nd7 13. f4 Nc5 14. Bc2 b4 15. Nd1 f5 16. exf6 Bxf6 17. Bxf6 Qxf6 18. Nf2 Nd7 19. Ng4 Qe7 20. Qd3 g6 21. cxd5 cxd5 22. Qd4 Nf6 23. Nxf6+ Rxf6 24. Bd3 Rc8 25. Rac1 Rff8 26. Qa7 Ra8 27. Qb6 Rfc8 28. Be2 h5 29. Bd3 Kg7 30. Qd4+ Qf6 31. Qxb4 1-0

[Event "Kimry op"]
[Site "Kimry"]
[Date "2003.??.??"]
[Round "6"]
[White "Asrian, Armen"]
[Black "Karklin, Viacheslav"]
[Result "1/2-1/2"]
[WhiteElo "2205"]
[BlackElo "2226"]
[PlyCount "75"]
[EventDate "2003.??.??"]
[EventType "swiss"]
[EventRounds "9"]
[EventCountry "RUS"]
[SourceTitle "EXT 2006"]
[Source "ChessBase"]
[SourceDate "2005.11.24"]
[SourceVersion "1"]
[SourceVersionDate "2005.11.24"]
[SourceQuality "1"]

1. e4 e5 2. Nf3 Nc6 3. Bb5 a6 4. Ba4 Nf6 5. 0-0 Be7 6. Re1 b5 7. Bb3 d6 8. c3 0-0 9. h3 Na5 10. Bc2 c5 11. d4 Qc7 12. d5 c4 13. Nbd2 Bd7 14. Nf1 Nb7 15. Ng3 g6 16. Be3 Nc5 17. Nh2 Rfe8 18. Ng4 Nxg4 19. hxg4 Bf6 20. g5 Bg7 21. Kh2 a5 22. Rh1 Qc8 23. Kg1 Bg4 24. f3 Bd7 25. Kf2 f5 26. gxf6 Bxf6 27. Qd2 Re7 28. Rh2 Rb8 29. Rah1 Be8 30. Bg5 Bxg5 31. Qxg5 Rg7 32. Nf1 Qd8 33. Qxd8 Rxd8 34. Ne3 Bd7 35. Ke2 a4 36. a3 Bc8 37. Nd1 Rf8 38. Ke3 1/2-1/2

[Event "Moscow-ch Region"]
[Site "Serpukhov"]
[Date "2002.??.??"]
[Round "3"]
[White "Karklin, Viacheslav"]
[Black "Efankov, Egor"]
[Result "1-0"]
[WhiteElo "2204"]
[BlackElo "2119"]
[PlyCount "88"]
[EventDate "2002.??.??"]
[EventType "swiss"]
[EventRounds "9"]
[EventCountry "RUS"]
[SourceTitle "EXT 2003"]
[Source "ChessBase"]
[SourceDate "2002.11.25"]
[SourceVersion "1"]
[SourceVersionDate "2002.11.25"]
[SourceQuality "1"]

1. d4 Nf6 2. c4 e6 3. Nc3 Bb4 4. e3 0-0 5. Bd3 d5 6. Nge2 Nbd7 7. a3 Bd6 8. cxd5 exd5 9. Ng3 c6 10. 0-0 Re8 11. Bd2 Nf8 12. Nf5 Bb8 13. f3 Qc7 14. Ng3 Qd6 15. Qc2 Rd8 16. Rfc1 h5 17. Nf1 Ne6 18. Be1 Qe7 19. b4 Bd6 20. Na4 Bd7 21. Nc5 Be8 22. Bh4 b6 23. Nxe6 fxe6 24. Ng3 Bxg3 25. Bxg3 a5 26. Qc3 Ra7 27. Rcb1 axb4 28. axb4 Rda8 29. Be1 Ra2 30. Rxa2 Rxa2 31. Ra1 Qa7 32. Rxa2 Qxa2 33. h3 g5 34. g4 Kg7 35. Bf2 Qa4 36. Bc2 Qa6 37. Qd3 Qxd3 38. Bxd3 hxg4 39. hxg4 Bg6 40. Ba6 Kf8 41. Bg3 Ke7 42. Be2 Kd7 43. Be5 Ke7 44. Kf2 b5 1-0

[Event "Moscow Region-ch"]
[Site "Dubna"]
[Date "2001.??.??"]
[Round "9"]
[White "Karklin, Viacheslav"]
[Black "Burlachenko, Konstantin"]
[Result "1/2-1/2"]
[WhiteElo "2204"]
[BlackElo "2178"]
[PlyCount "88"]
[EventDate "2001.??.??"]
[EventType "swiss"]
[EventRounds "9"]
[EventCountry "RUS"]
[SourceTitle "EXT 2006"]
[Source "ChessBase"]
[SourceDate "2005.11.24"]
[SourceVersion "1"]
[SourceVersionDate "2005.11.24"]
[SourceQuality "1"]

1. d4 f5 2. Nf3 Nf6 3. c4 g6 4. g3 Bg7 5. Bg2 0-0 6. 0-0 d6 7. Nc3 Nc6 8. d5 Ne5 9. Qb3 Kh8 10. Be3 h6 11. Bd4 Nfg4 12. Rad1 g5 13. h3 Nxf3+ 14. exf3 Ne5 15. f4 gxf4 16. gxf4 Ng6 17. Bxg7+ Kxg7 18. Ne2 Kh7 19. Qe3 Rg8 20. Kh2 Bd7 21. Nd4 Rc8 22. Rg1 c5 23. Ne2 Qf8 24. Ng3 Re8 25. Nh5 Nh4 26. Bf3 Nxf3+ 27. Qxf3 Qf7 28. Ng3 a6 29. Qd3 b5 30. b3 b4 31. a3 a5 32. Ra1 Ra8 33. Ra2 Qf6 34. axb4 axb4 35. Rxa8 Rxa8 36. Nh5 Qc3 37. Qe2 Re8 38. Rg3 Qh8 39. Re3 Qf8 40. Qb2 Qf7 41. Qe2 e6 42. dxe6 Rxe6 43. Qf3 Rxe3 44. fxe3 Bc6 1/2-1/2

[Event "Moscow Region-ch"]
[Site "Dubna"]
[Date "2001.??.??"]
[Round "3"]
[White "Karklin, Viacheslav"]
[Black "Gorshkov, Yuri"]
[Result "1/2-1/2"]
[WhiteElo "2204"]
[BlackElo "2382"]
[PlyCount "126"]
[EventDate "2001.??.??"]
[EventType "swiss"]
[EventRounds "9"]
[EventCountry "RUS"]
[SourceTitle "EXT 2006"]
[Source "ChessBase"]
[SourceDate "2005.11.24"]
[SourceVersion "1"]
[SourceVersionDate "2005.11.24"]
[SourceQuality "1"]

1. d4 Nf6 2. Nf3 g6 3. c4 Bg7 4. g3 0-0 5. Bg2 d6 6. 0-0 Nbd7 7. Nc3 e5 8. dxe5 dxe5 9. Bg5 h6 10. Be3 Re8 11. h3 Kh7 12. Qb3 c6 13. Rfd1 Qe7 14. Nd2 Bf8 15. Rac1 Qe6 16. Qc2 Ng8 17. a3 f5 18. b4 e4 19. Bd4 Ne5 20. Na4 b6 21. f4 Nf7 22. Nf1 Ba6 23. Ne3 Rad8 24. c5 b5 25. Nc3 Bc8 26. a4 a6 27. axb5 axb5 28. Ra1 Qe7 29. Qb2 Qb7 30. Rd2 Be6 31. g4 Ne7 32. gxf5 gxf5 33. Nxe4 Ng8 34. Ng3 Rxd4 35. Rxd4 Ne7 36. Rad1 Bg7 37. Qc2 Bxd4 38. Rxd4 Qc8 39. Ng4 Kg6 40. Ne3 Kh7 41. Qd3 Rg8 42. Kf2 Rg6 43. Bf3 Rg7 44. Bg4 Kg6 45. Bh5+ Kh7 46. Bg4 Kg6 47. h4 h5 48. Bxh5+ Kh7 49. Bxf7 Rxf7 50. Rd8 Qc7 51. Qd6 Qxd6 52. Rxd6 Bc8 53. h5 Rf8 54. Ngf1 Kg7 55. Nh2 Rh8 56. h6+ Rxh6 57. Rxh6 Kxh6 58. Nf3 Kg7 59. Ne5 Kf6 60. Kg3 Ke6 61. Kh4 Kf6 62. Kh5 Be6 63. Kh6 Bb3 1/2-1/2

[Event "Moscow Region-ch"]
[Site "Dubna"]
[Date "2001.??.??"]
[Round "5"]
[White "Karklin, Viacheslav"]
[Black "Kulish, Irina"]
[Result "0-1"]
[WhiteElo "2204"]
[BlackElo "2140"]
[PlyCount "105"]
[EventDate "2001.??.??"]
[EventType "swiss"]
[EventRounds "9"]
[EventCountry "RUS"]
[SourceTitle "EXT 2006"]
[Source "ChessBase"]
[SourceDate "2005.11.24"]
[SourceVersion "1"]
[SourceVersionDate "2005.11.24"]
[SourceQuality "1"]

1. d4 Nf6 2. Nf3 e6 3. Bg5 c5 4. e3 h6 5. Bh4 b6 6. Bd3 Bb7 7. Nbd2 cxd4 8. exd4 Be7 9. 0-0 0-0 10. Re1 d6 11. c3 Nbd7 12. Bg3 Nh5 13. Be4 Bxe4 14. Nxe4 Nxg3 15. Nxg3 Nf6 16. Qe2 Re8 17. Nd2 Qc7 18. Qf3 Rac8 19. Nge4 Nd5 20. Nf1 b5 21. Rac1 Nb6 22. Ned2 d5 23. Ne3 b4 24. c4 dxc4 25. Ndxc4 Bg5 26. Rc2 Bxe3 27. Nxe3 Qd7 28. Rd2 Red8 29. g3 Qc6 30. Kg2 a5 31. Red1 Nd5 32. Ng4 Qb7 33. Ne5 Rc7 34. Nd3 Nf6 35. Qxb7 Rxb7 36. Ne5 Rc7 37. Rd3 Rdc8 38. a3 Nd5 39. axb4 axb4 40. Ra1 f6 41. Nf3 Rc2 42. Rb3 g5 43. Ne1 Rc1 44. Rxc1 Rxc1 45. Nf3 Rd1 46. g4 Kf7 47. h4 Ke7 48. hxg5 hxg5 49. Kg3 Kd6 50. Nh2 Rxd4 51. Nf1 Kc5 52. Ne3 Nf4 53. Kf3 0-1

[Event "Dubna op"]
[Site "Dubna"]
[Date "2000.??.??"]
[Round "9"]
[White "Karklin, Viacheslav"]
[Black "Gulkov, Igor A"]
[Result "0-1"]
[WhiteElo "2307"]
[BlackElo "2491"]
[PlyCount "118"]
[EventDate "2000.??.??"]
[EventType "swiss"]
[EventRounds "9"]
[EventCountry "RUS"]
[SourceTitle "EXT 2002"]
[Source "ChessBase"]
[SourceDate "2001.11.25"]
[SourceVersion "1"]
[SourceVersionDate "2001.11.25"]
[SourceQuality "1"]

1. d4 Nf6 2. c4 g6 3. Nf3 Bg7 4. g3 d6 5. Bg2 0-0 6. Nc3 Nbd7 7. 0-0 e5 8. dxe5 dxe5 9. Qc2 c6 10. Rd1 Qe7 11. e4 Ne8 12. Bg5 f6 13. Be3 f5 14. exf5 gxf5 15. Bg5 Qf7 16. Ne2 Nc7 17. Be3 Ne6 18. Ng5 Nxg5 19. Bxg5 Nc5 20. Be3 Ne6 21. f4 e4 22. Rd6 Bf6 23. c5 Nc7 24. Nc3 Be6 25. Rd2 Qg7 26. Bf1 Rfd8 27. Rad1 Rxd2 28. Rxd2 Rd8 29. Rxd8+ Bxd8 30. Qa4 a6 31. Bc4 Bf6 32. Bxe6+ Nxe6 33. Qb3 Qf7 34. Ne2 h5 35. Qb4 Qd7 36. Kf2 Kg7 37. b3 Kg6 38. h4 Kh6 39. Qc4 Qd5 40. Qb4 Qd7 41. Qc4 Bg7 42. Qb4 Kg6 43. Qc4 Bf6 44. Qb4 Be7 45. Qc3 Qd5 46. b4 Qxa2 47. Qh8 Nf8 48. Bd4 Qf7 49. Qe5 Ne6 50. Ke3 Bf6 51. Qd6 Qe7 52. Qb8 Nxd4 53. Nxd4 Qd8 54. Qxd8 Bxd8 55. Nb3 Kf6 56. Na5 Bxa5 57. bxa5 Ke6 58. Kd4 e3 59. Kxe3 Kd5 0-1